000 00387nam a2200145Ia 4500
005 20251222140102.0
008 251222s1900||||xx |||||||||||||| ||spa||
020 _a844005629X
082 _a248.482/A62
100 _aAntolí Guarch, Miguel
245 0 _aNuevos Caminos para la Teología Moral:
250 _a1ra. ed.
264 _bFacultad de Teología San Vicente Ferrer
942 _cLIB
999 _c3986
_d3986